| 000 | 00767nam a2200181Ia 4500 | ||
|---|---|---|---|
| 008 | 100920s9999 xx 000 0 und d | ||
| 082 |
_b106058 _a28 व 539 0 |
||
| 100 | _aबालवाड रमेश. | ||
| 245 | _aचित्रांची कमाल कोेंडयांची धम्माल. | ||
| 260 |
_bविद्याभारती प्रकाशन,लातूर. _c0 |
||
| 300 |
_a64 _bसाधी |
||
| 365 | _b30 | ||
| 520 | _aबा.वि.शाअ. | ||
| 630 | _aचित्रांची कमाल कोेंडयांची धम्माल. | ||
| 650 | _aबा.वि.शाअ. | ||
| 730 | _aचित्रांची कमाल कोेंडयांची धम्माल. | ||
| 942 | _cBOOK | ||
| 999 |
_c746489 _d746486 |
||